000 00451nam a2200145Ia 4500
003 OSt
005 20260123122728.0
008 211028s2016 xx 000 0 und d
040 _cAIMIT LIBRARY
041 _aeng
100 _aPinto, Preetha Marian; Kudtarkar.
_g1416109
_97530
245 _aStudy on effectiveness of training and development through ecbs in tata stekk Jamshedpur /
260 _aMangalore
_bRavi Kudtarkar.
_c2016
942 _2ddc
_cPRO
999 _c219098
_d219098